000 01198cam a2200313 i 4500
001 768714001
003 CO-MdBIC
005 20231123150606.0
007 ta
008 231123t1994 -us||||| |||| 00| 0 eng d
020 _a0-8028-0131-5
040 _bspa.
_aCO-MdFUSB
_cCO-MdFUSB
_dCO-MdFUSBC
_erda
041 _aeng
082 0 4 _aG 230.4109 K19c
100 1 _aKay, James F.
245 1 0 _aChristus praesens : A reconsideration of Rudolf Bultmann's Christology / James F. Kay
_c/
264 1 _aGrand Rapids, Michigan : William B. Eerdmans Publishing
_bWm. B. Eerdmans Publishing Company,
_c[1994]
264 4 _c©1994
300 _a187 páginas
_c;
336 _atexto
_btxt
_2rdacontent
337 _2rdamedia
_asin mediación
_bn
338 _2rdacarrier
_avolumen
_bnc
500 _aIncluye índices (p. 177-187)
501 _aRústico
505 0 0 _aRudolf Bultmann y el Christus Praesens: El fondo de reconsideración - El Christus Praesens de Pablo según Bultmann - El Christus Praesens de Juan según Bultmann - El Christus Praesens según Bultmann - El Christus Praesens de Bultmann: Los críticos responden
650 1 7 _aCristología
_9239
942 _cBK
945 _ajohan1477
999 _c45871
_d45871